Integraly i proizvodnyje drobnogo poriadka i nekotoryje ich priloženija /

Guardado en:
Detalles Bibliográficos
Autores principales: Samko, Stefan Grigorjevič (Autor), Kilbas, A.A (Autor), Maričev, Oleg Igorjevič (Autor)
Formato: Libro
Lenguaje:ruso
Publicado: Minsk : Nauka i technika, 1987
Etiquetas: Agregar Etiqueta
Sin Etiquetas, Sea el primero en etiquetar este registro!

MARC

LEADER 00000nam a22000003a 4500
001 stu4845
005 20150617225810.7
008 931112s1987----xxr-----------------rus-d
040 |a STU  |b slo 
041 0 |a rus 
044 |a xxr 
080 |a 517.3 
100 1 |a Samko, Stefan Grigorjevič  |4 aut 
245 1 |a Integraly i proizvodnyje drobnogo poriadka i nekotoryje ich priloženija /  |c [aut.] Samko,S.G.; Kilbas,A.A.; Maričev,O.I 
260 |a Minsk :  |b Nauka i technika,  |c 1987 
300 |a 687 s 
700 1 |a Kilbas, A.A  |4 aut 
700 1 |a Maričev, Oleg Igorjevič  |4 aut 
996 |b E65257  |c E*65257  |l EE03  |s P  |a 0  |w stu4845_0001